000 01591cam a22002294a 4500
005 20250605164205.0
008 250528s ||||||||||||||||||||||||d
035 _a19909
020 _a9602098295
040 _aGR-AtMCL
_bgre
_dGR-AtMCL
_eAACR2
245 1 _aΚατανεμημένα Συστήματα με Java / Συστήματα υπολογιστών.
_nΤόμος ΙΙΙ
260 _bΚλειδάριθμος,
_c2005
300 _a560
520 _aΠρόλογος, Εισαγωγή, Διάταξη γεγονότων, Αμοιβαίος αποκλεισμός, Καθολικές καταστάσεις, Αποτίμηση καθολικού κατηγορήματος, Εκλογή αρχηγού, Επικοινωνία μέσω δικτύου, Δικτύωση στην Java, Κλήσεις απομακρυσμένων διαδικασιών, Νήματα, Νήματα στη Java, Οργάνωση Επεξεργαστών και Διεργασιών, Κατανεμημένα Συστήματα Ονομασίας, Κατανεμημένα Συστήματα Αρχείων, Ατομικές Συναλλαγές, Συστήματα Java RMI, Συστήματα CORBA, Ανοχή Βλαβών, Θέματα Ασφαλείας, Επικεφαλίδες Μεθόδων της Java, Βιβλιογραφία, Ευρετήριο.
700 1 _aΚάβουρας Ι. Κ
_96063
700 1 _aΜήλης Ι. Ζ
_96064
700 1 _aΞυλωμένος Γ. Β
_96065
700 1 _aΡουκουνάκη Α. Α
_96066
942 _cBK
999 _c5151
_d5151